[Event "Kimry Summer op"]
[Site "Kimry"]
[Date "2016.08.31"]
[Round "7"]
[White "Sherbakova, Elena"]
[Black "Shapurov, Yury"]
[Result "0-1"]
[WhiteElo "1754"]
[BlackElo "1506"]
[PlyCount "49"]
[EventDate "2016.08.28"]
[EventType "swiss"]
[EventRounds "7"]
[EventCountry "RUS"]
[SourceTitle "CBM 174 Extra"]
[Source "ChessBase"]
[SourceDate "2016.10.10"]
[SourceVersion "1"]
[SourceVersionDate "2016.10.10"]
[SourceQuality "1"]

1. e4 e5 2. Nf3 Nc6 3. Bb5 Nge7 4. c3 d5 5. d4 exd4 6. Nxd4 dxe4 7. 0-0 Bd7 8. Bc4 Nxd4 9. Qxd4 Bc6 10. Qe3 Nf5 11. Qf4 Nd6 12. Bb3 Qf6 13. Qxf6 gxf6 14. Bf4 Rd8 15. Nd2 f5 16. Rfe1 Be7 17. Nf1 Bd7 18. Rad1 Be6 19. Bxd6 Bxd6 20. f3 Bxb3 21. axb3 Kd7 22. fxe4 Rhe8 23. Nd2 Bf4 24. Nc4+ Kc6 25. exf5 0-1